[Event "SLO-chT2"]
[Site "Slovenia"]
[Date "2003.10.01"]
[Round "7"]
[White "Grobin, Blaz"]
[Black "Diacci, Ciril"]
[Result "0-1"]
[WhiteElo "1500"]
[BlackElo "2036"]
[PlyCount "56"]
[EventDate "2003.05.02"]
[EventType "team"]
[EventRounds "9"]
[EventCountry "SLO"]
[SourceTitle "EXT 2005"]
[Source "ChessBase"]
[SourceDate "2004.11.15"]
[SourceVersion "1"]
[SourceVersionDate "2004.11.15"]
[SourceQuality "1"]

1. e4 e5 2. Nf3 d6 3. h3 Nf6 4. Nc3 Be7 5. Bc4 0-0 6. 0-0 a6 7. d4 exd4 8. Nxd4 b5 9. Bd5 Nxd5 10. Nxd5 Bb7 11. Nxe7+ Qxe7 12. Re1 Nc6 13. Nf5 Qf6 14. Qg4 Qg6 15. Qxg6 fxg6 16. Ng3 Nd4 17. Rb1 Nxc2 18. Re2 Nb4 19. a3 Nc6 20. Be3 Rf7 21. Rc1 Ne5 22. Rcc2 Nc4 23. Bc1 Re8 24. b3 Na5 25. b4 Nc4 26. f3 Rd7 27. Nf1 d5 28. e5 d4 0-1